Costa Atlántica de EE. UU. - Estadísticas

Estadísticas generales
  • Esta prueba ha sido intentada 1.140 veces
  • La puntuación promedio es 10 de 18
Estadísticas de respuestas
Estado % Correcto
Maine
97%
Nueva York
63%
Nuevo Hampshire
62%
Florida
60%
Rhode Island
60%
Nueva Jersey
58%
Massachusetts
57%
Carolina del Norte
56%
Carolina del Sur
56%
Virginia
55%
Texas
54%
Connecticut
53%
Alabama
52%
Georgia
52%
Luisiana
52%
Maryland
52%
Delaware
51%
Misisipi
50%
No se encontraron pruebas coincidentes
Distribución de puntuación
Porcentaje de gente con cada puntuación
Porcentaje por número respondido
Historial de tus puntuaciones
No has intentado esta prueba.